| 000 | 00758cam a2200265 i 4500 | ||
|---|---|---|---|
| 999 |
_c7875 _d7875 |
||
| 001 | 991060034177306706 | ||
| 003 | OSt | ||
| 005 | 20240306132215.0 | ||
| 008 | 220208e202201 spc|||| |||| 0|0 f spa|c | ||
| 015 |
_aLL2022 _2bnc |
||
| 017 |
_aDL B 18362-2021 _bBiblioteca de Catalunya |
||
| 020 | _a9788408250869 | ||
| 035 | _a(OCoLC)1331531288 | ||
| 040 |
_aES-BaUAB _bcat _erda _cCDMR |
||
| 080 |
_a821.134.2-31 _x"20" _22004 |
||
| 100 |
_aJiménez, David _94872 |
||
| 245 | 1 | 3 |
_aEl Corresponsal / _cDavid Jiménez |
| 264 | 1 |
_aBarcelona : _bPlaneta, _c2022 |
|
| 300 |
_a339 pàgines ; _c24 cm |
||
| 490 | 1 | _aAutores españoles e iberoamericanos | |
| 830 | 0 | _aAutores españoles e iberoamericanos | |
| 908 |
_aUAB _aBC |
||
| 940 | _aUAB | ||
| 942 |
_2udc _cMON |
||